00469nam a2200145Ia 4500008004100000041000800041082001200049100002200061245002500083260003400108300003000142365000900172999001700181952012500198240624s9999 xx 000 0 und d aeng a823 DAN aDANIKEN ERICH VON aCHARIOTS OF THE GODS c1980aNew YorkbBerkley Books aix, : 163 : p. : cm. ; 17 cb20 c11728d11728 00104070aIMTNbIMTNcRack 40-Ad2008-11-18eWBDg4.99n547o823 DANp11728r2024-06-24 00:00:00t51.2w2024-06-24yBK